000 00294nam a22001337a 4500
008 170401b xxu||||| |||| 00| 0 eng d
020 _a9780805306408
041 _aeng
080 _22ND
_a617
100 _a9
101 _aSHM
245 _aESSENTIAL ENVIRONMENT
_cWITHGOTT, J
942 _2udc
_cBK
999 _c9391
_d9391